Statistics for 国際単位系(SI)単位

Click here to take the quiz!

General Stats

  • This quiz has been taken 498 times
  • The average score is 20 of 29

Answer Stats

SymbolMeasureAnswer% Correct
m長さメートル
100%
kg質量キログラム
99%
A電流アンペア
99%
Nニュートン
97%
V電位差ボルト
96%
Hz周波数ヘルツ
96%
Pa圧力パスカル
96%
J熱量ジュール
96%
W仕事率ワット
96%
mol物質量モル
95%
s時間
93%
K絶対温度ケルビン
92%
Ω電気抵抗オーム
92%
rad平面角ラジアン
74%
Bq放射能ベクレル
73%
lx照度ルクス
67%
Sv線量当量シーベルト
64%
C電荷クーロン
64%
温度セルシウス度
55%
cd光度カンデラ
51%
T磁束密度テスラ
47%
Wb磁束ウェーバ
42%
F静電容量ファラド
40%
lm光束ルーメン
39%
Gy吸収線量グレイ
35%
Hインダクタンスヘンリー
26%
sr立体角ステラジアン
22%
Sコンダクタンスジーメンス
14%
kat酵素活性カタール
7%

Score Distribution

Percentile by Number Answered

Percent of People with Each Score

Your Score History

You have not taken this quiz